Hello Neighbor Quiz (Family) - Statistics

General Stats
  • This quiz has been taken 48 times
  • The average score is 6 of 15
Answer Stats
Question Answer % Correct
Which act were we kidnapped? Act 2
80%
Is the neighbor bad? No
80%
Did the son feel bad? Yes
80%
In which act was house biggest? Act 3
71%
How did the wife die? Car crash
69%
The neighbor's real name? Theodore
57%
Son name? Aaron
40%
His daughter name? Mya
40%
Who is the player? Nicky Roth
37%
How did she die? Pushed off
26%
His wife name? Diane
20%
Who haunted the neighbor? Shadowman
17%
Why did he lock him away? Afraid to lose him
3%
When was Nicky an adult? Begin of act 3
3%
Why did the son kill the sister Missed the mom
3%
No matching quizzes found
Score Distribution
Percent of People with Each Score
Percentile by Number Answered
Your Score History
You have not taken this quiz